000 00529cam a2200145 4500500
005 20251012032516.0
041 _afre
042 _adc
100 1 0 _aLe Moing, Monique
_eauthor
245 0 0 _aGilles Henry, Les Dumas – Le secret de Monte-Cristo, Préface Didier Decoin, Paris, Éditions France-Empire, 2002, 319 p.
260 _c2003.
500 _a100
786 0 _nSigila | 11 | 1 | 2003-06-20 | p. 226-228 | 1286-1715
856 4 1 _uhttps://shs.cairn.info/revue-sigila-2003-1-page-226?lang=fr&redirect-ssocas=7080
999 _c1547531
_d1547531